000 00435ntaaa2200181 4500
003 01
005 20251027202700.0
008 0714s1973 ag 01
040 _aAR-BaBN
_bspa
_cAR-BaBN
_eaacr
_dRIC
082 _a460.7000 E48
100 _aGarcía Elorrio, Aurelio
245 _aCastellano
250 _a1 ed.
260 _aBuenos Aires :
_bEditorial Kapelusz,
_c1941
300 _a311 p
650 _alengua española
942 _cBK
999 _c22001
_d22001